|
|
|
|
| LEADER |
01040nam a2200301 a 4500 |
| 001 |
AAL1080 |
| 003 |
BD-DhAAL |
| 005 |
20160210173224.0 |
| 008 |
150204s1996 nyua b 001 0 eng |
| 010 |
|
|
|a 95030406
|
| 020 |
|
|
|a 0521352029 (hc)
|
| 020 |
|
|
|a 0521555523 (pb)
|
| 040 |
|
|
|a DLC
|c DLC
|d DLC
|d BD-DhAAL
|
| 050 |
0 |
0 |
|a HG3891.5
|b .A379 1996
|
| 082 |
0 |
0 |
|a 336.3/435
|2 20
|
| 999 |
|
|
|c 33583
|d 33583
|
| 999 |
|
|
|c 33583
|
| 100 |
1 |
|
|a Aggarwal, Vinod K.
|9 7956
|
| 245 |
1 |
0 |
|a Debt games :
|b strategic interaction in international debt rescheduling /
|c Vinod K. Aggarwal.
|
| 260 |
|
|
|a New York :
|b Cambridge University Press,
|c 1996.
|
| 300 |
|
|
|a xiii, 613 p. :
|b ill. ;
|c 23 cm.
|
| 504 |
|
|
|a Includes bibliographical references and index.
|
| 541 |
|
|
|e 1080
|
| 650 |
|
0 |
|a Debt relief.
|9 7957
|
| 650 |
|
0 |
|a Loans, Foreign.
|9 7958
|
| 650 |
|
0 |
|a Debts, External.
|9 7959
|
| 942 |
|
|
|2 ddc
|c BK
|
| 952 |
|
|
|0 0
|1 0
|2 ddc
|4 0
|6 336_343500000000000_AGG
|7 0
|9 52464
|a SCL
|b SCL
|c GEN
|d 2015-02-04
|g 1077.00
|l 0
|o 336.3435 AGG
|p 3020001080
|r 2015-02-04
|t 1
|w 2015-02-04
|y BK
|